| 000 | 00768nam a2200229 4500 | ||
|---|---|---|---|
| 001 | 143867 | ||
| 003 | ES-MaACL | ||
| 005 | 20250716062531.0 | ||
| 007 | t| | ||
| 008 | 070214s1956 sp r ||||1| spa d | ||
| 100 | 1 |
_aShakespeare, William, _d1564-1616 _9105992 |
|
| 245 | 1 | 0 |
_aHamlet, Príncipe de Dinamarca _b: ; Macbeth / _cWilliam Shakespeare ; traducción directa del inglés, prólogo y notas por José Méndez Herrera. |
| 250 | _a4ª ed. | ||
| 260 |
_aMadrid : _bAguilar, _c1956 ( _fOgrama) |
||
| 300 |
_a499 p., 1 lám. = retr. aut. : _bil. ; _c12 cm. |
||
| 490 | 1 |
_aCrisol ; _v61 |
|
| 700 | 1 |
_aMéndez Herrera, José. _980156 |
|
| 740 | 0 | _aMacbeth. | |
| 830 | 0 |
_aCrisol ; _v61 _9180848 |
|
| 852 |
_aES-MaACL _jD-8533 _bR.39691 |
||
| 999 |
_c143867 _d143867 |
||